| 000 | 00913cam a22002894a 4500 | ||
|---|---|---|---|
| 001 | 14778882 | ||
| 003 | OSt | ||
| 005 | 20220107121252.0 | ||
| 008 | 070322s2007 nyua b 001 0 eng | ||
| 010 | _a 2007925371 | ||
| 020 | _a9780387493114 (hardcover : alk. paper) | ||
| 038 | _akhadija | ||
| 040 |
_aDLC _cDLC _dDLC |
||
| 050 | 0 | 0 |
_aQP303 _b.K588 2007 |
| 082 | 0 | 0 |
_a612.76 _222 _bKNU |
| 100 | 1 |
_aKnudson, Duane V., _d1961- _987474 |
|
| 245 | 1 | 0 |
_aFundamentals of biomechanics / _cDuane Knudson. |
| 250 | _a2nd ed. | ||
| 260 |
_aNew York, NY : _bSpringer, _cc2007. |
||
| 300 |
_axi, 319 p. : _bill. ; _c26 cm. + _e1 CD-ROM (4 3/4 in.). |
||
| 504 | _aIncludes bibliographical references (p. 257-282) and index. | ||
| 563 | _aHB | ||
| 650 | 0 |
_aBiomechanics. _987475 |
|
| 906 |
_a7 _bcbc _corignew _d2 _eepcn _f20 _gy-gencatlg |
||
| 942 |
_2ddc _cBK |
||
| 999 |
_c33200 _d33200 |
||